| 000 -CABECERA |
| campo de control de longitud fija |
00924nam a2200277 a 4500 |
| 001 - NÚMERO DE CONTROL |
| campo de control |
000035664 |
| 005 - FECHA Y HORA DE LA ÚLTIMA TRANSACCIÓN |
| campo de control |
20200120222241.0 |
| 008 - DATOS DE LONGITUD FIJA--INFORMACIÓN GENERAL |
| campo de control de longitud fija |
090625s2001 ck a br 000 f spa d |
| 020 ## - NÚMERO INTERNACIONAL ESTÁNDAR DEL LIBRO |
| Número Internacional Estándar del Libro |
958-04-6262-3 |
| 090 ## - LOCALMENTE ASIGNADO TIPO-LC NÚMERO DE CLASIFICACIÓN (OCLC); NÚMERO DE CLASIFICACIÓN LOCAL (RLIN) |
| Número de clasificación (OCLC) (R) ; Numero de clasificación, CALL (RLIN) (NR) |
N |
| Número cutter local (OCLC) ; Número de libro/Signatura topográfica íntegra, CALL (RLIN) |
BOJam |
| 100 0# - ENTRADA PRINCIPAL--NOMBRE DE PERSONA |
| Nombre de persona |
Bojunga, Lygia |
| 245 14 - MENCIÓN DE TÍTULO |
| Título |
Los amigos / |
| Mención de responsabilidad, etc. |
Lygia Bojunga; traducción de Irene Vasco; ilustraciones de Ródez; dirección editorial: María Clara Posada. |
| 260 ## - PUBLICACIÓN, DISTRIBUCIÓN, ETC. |
| Lugar de publicación, distribución, etc. |
Bogotá : |
| Nombre del editor, distribuidor, etc. |
Norma, |
| Fecha de publicación, distribución, etc. |
2001. |
| 300 ## - DESCRIPCIÓN FÍSICA |
| Extensión |
141 p. : il. |
| 490 #0 - MENCIÓN DE SERIE |
| Mención de serie |
Torre de papel : azul |
| 500 ## - NOTA GENERAL |
| Nota general |
Pertenece al Ceic Norte |
| 500 ## - NOTA GENERAL |
| Nota general |
Premio Hans Christian Andersen 1982 |
| -- |
Ej. 1 y 2 de Mosquera ISBN : 9580462620 |
| 517 ## - CATEGORÍAS DE NOTA DE PELÍCULA (ARCHIVO) (VM) [OBSOLETO] |
| Formatos diferentes |
Os colegas |
| 650 14 - PUNTO DE ACCESO ADICIONAL DE MATERIA--TÉRMINO DE MATERIA |
| Término de materia o nombre geográfico como elemento de entrada |
NOVELA INFANTIL BRASILEÑA |
| 650 24 - PUNTO DE ACCESO ADICIONAL DE MATERIA--TÉRMINO DE MATERIA |
| Término de materia o nombre geográfico como elemento de entrada |
LITERATURA INFANTIL BRASILEÑA |
| 650 24 - PUNTO DE ACCESO ADICIONAL DE MATERIA--TÉRMINO DE MATERIA |
| Término de materia o nombre geográfico como elemento de entrada |
CARNAVAL DE RIO |
| 700 1# - PUNTO DE ACCESO ADICIONAL--NOMBRE DE PERSONA |
| Nombre de persona |
Vasco, Irene, tr. |
| 700 1# - PUNTO DE ACCESO ADICIONAL--NOMBRE DE PERSONA |
| Nombre de persona |
Ródez, il. |
| 700 1# - PUNTO DE ACCESO ADICIONAL--NOMBRE DE PERSONA |
| Nombre de persona |
Posada, María Clara, dir. |
| 901 ## - ELEMENTOS DE DATOS A LOCAL LDA (RLIN) |
| a |
Compra, Norma; $19.000, 2008 |